Paper Rings lyrics - Statistics

General Stats
  • This quiz has been taken 190 times
  • The average score is 386 of 421
Answer Stats
Lyrics % Correct
a
100%
I
100%
on
100%
(One,
100%
one
100%
paper
100%
rings
100%
rings,
100%
The
100%
the
100%
you
100%
your
100%
like
99%
when
99%
When
99%
you're
99%
You're
99%
huh,
98%
huh
98%
marry
98%
things,
98%
Uh
98%
with
98%
but
97%
I'd
97%
this
97%
to
97%
want,
97%
want
97%
and
96%
that
96%
accidents
95%
Darling,
95%
friends
95%
from
95%
in
95%
In
95%
shiny
95%
we
95%
hate
94%
be
93%
it
93%
right
93%
three
93%
Three
93%
Went
93%
went
93%
except
92%
me
92%
me,
92%
night
91%
that's
91%
two
91%
two,
91%
'cause
89%
is
89%
met
89%
my
89%
picture
89%
all
88%
first
88%
first,
88%
frames,
88%
I've
88%
Oh,
88%
Kiss
87%
kiss
87%
life
87%
dirty
86%
Internet
86%
once
86%
times
86%
twice
86%
books
85%
dreams
85%
high
85%
it's
85%
Now
85%
stalk
85%
too
85%
waited
85%
whole
85%
bed
84%
cold
84%
four!)
84%
had
84%
know
84%
long
84%
beside
83%
moon
83%
or
83%
read
83%
alright
82%
were
82%
blue
81%
of
81%
wake
81%
watch
81%
gonna
80%
home
80%
if
79%
up
79%
wall
78%
back
76%
breathe
76%
brother's
76%
gave
76%
makes
76%
pool
76%
street
76%
tried
76%
for
75%
I'm
75%
jumped
75%
painted
75%
shoulder
75%
so
75%
takes
74%
even
73%
baby
72%
away
70%
boy
70%
wine
70%
around
69%
month
69%
Which
69%
arms
67%
color
67%
here
67%
outdoor
66%
Cat
65%
complications
65%
icy
65%
mouse
65%
standing
65%
winter,
65%
Wrap
65%
Mondays
64%
wouldn't
63%
dreary
62%
drive
62%
tall,
61%
exes,
59%
Honey,
59%
without
57%
fights,
56%
flaws,
55%
No matching quizzes found
Score Distribution
Percent of People with Each Score
Percentile by Number Answered
Your Score History
You have not taken this quiz